00911 a2200133 4500003000500000005001700005040000900022082001600031100001700047245005100064260004700115300001500162505060000177NUST20230202114828.0 cNust a954.025,AUR aS. R. Bakshi aAurangzeb /cEdited by S.R Bakshi , S.K Sharma aNew DelhibDeep Deep publication ltdc2000 a424 pages. aAurangzeb (page-1), Aurangzeb Alamgir (1685-1707) (Page-100), Governorship of Multan and Sind 1648-1652 (Page-142), The Sabah of Allahabad Under Aurangzeb (Page-149), Viceroyalty of the Deccan (Page-169), The Raj put Policy of Aurangzeb (Page-182), Mughal Conquest of Trichinopology (Page-193), Two Farman’s of Aurangzeb (Page-206), Political Views of Emperor (Page-218), Legends from the Punjab (Page-255), The Sword of Aurangzeb (Page-261), Revenue System (Page-289), Agriculture and Industry (Page-331), Trade (Page-353), Position of Woman (Page-401), By the Grave of Aurangzeb (Page-414).